An introduction to Soil Mechanics and Foundations (Record no. 3229)
[ view plain ]
| 000 -LEADER | |
|---|---|
| fixed length control field | 00352nam a22001457a 4500 |
| 020 ## - INTERNATIONAL STANDARD BOOK NUMBER | |
| International Standard Book Number | 978-0419160403 |
| 041 ## - LANGUAGE CODE | |
| Language code of text/sound track or separate title | ENG |
| 100 ## - MAIN ENTRY--PERSONAL NAME | |
| Personal name | Scott. C.R |
| 245 ## - TITLE STATEMENT | |
| Title | An introduction to Soil Mechanics and Foundations |
| 260 ## - PUBLICATION, DISTRIBUTION, ETC. (IMPRINT) | |
| Place of publication, distribution, etc | London |
| Name of publisher, distributor, etc | Applied Science Publishers ltd |
| Date of publication, distribution, etc | 1980 |
| 300 ## - PHYSICAL DESCRIPTION | |
| Extent | 406 |
| 650 ## - SUBJECT ADDED ENTRY--TOPICAL TERM | |
| Topical term or geographic name as entry element | SWCE |
| 700 ## - ADDED ENTRY--PERSONAL NAME | |
| Personal name | B.A.,M.I,C.E |
| 856 ## - ELECTRONIC LOCATION AND ACCESS | |
| Uniform Resource Identifier | SWCE |
| Withdrawn status | Lost status | Source of classification or shelving scheme | Damaged status | Not for loan | Home library | Current library | Shelving location | Date acquired | Cost, normal purchase price | Total Checkouts | Barcode | Date last seen | Price effective from | Koha item type |
|---|---|---|---|---|---|---|---|---|---|---|---|---|---|---|
| Dewey Decimal Classification | College of Agricultural Engineering and Technology, Dapoli , Library | College of Agricultural Engineering and Technology, Dapoli , Library | Book Cart | 26/07/2023 | 89.00 | T00017 | 26/07/2023 | 26/07/2023 | Books |